ბათუმის შოთა რუსთაველის სახელმწიფო უნივერსიტეტის ბიბლიოთეკა

თხზულებანი: ორ ტომად. ტ.2 (ბიბ.ჩანაწერი № 43101)

000 -LEADER
fixed length control field 00845nam a2200229Ia 4500
001 - CONTROL NUMBER
control field 9822
003 - CONTROL NUMBER IDENTIFIER
control field GE_BSU
008 - FIXED-LENGTH DATA ELEMENTS--GENERAL INFORMATION
fixed length control field 181216s||||||||xx |||||||||||||| ||und||
040 ## - CATALOGING SOURCE
Transcribing agency GE_BSU
080 ## - UNIVERSAL DECIMAL CLASSIFICATION NUMBER
Universal Decimal Classification number 821.353.1
100 ## - MAIN ENTRY--PERSONAL NAME
Personal name ნინოშვილი,ეგნატე
245 ## - TITLE STATEMENT
Title თხზულებანი: ორ ტომად. ტ.2
245 ## - TITLE STATEMENT
Statement of responsibility, etc. რედ.:გ.ჯიბლაძე,შ.რადიანი,რ.გვეტაძე
260 ## - PUBLICATION, DISTRIBUTION, ETC.
Place of publication, distribution, etc. თბილისი
260 ## - PUBLICATION, DISTRIBUTION, ETC.
Name of publisher, distributor, etc. საბჭ.მწერალი
260 ## - PUBLICATION, DISTRIBUTION, ETC.
Date of publication, distribution, etc. 1950
300 ## - PHYSICAL DESCRIPTION
Extent 387გვ.2ფ.პორტრ.
300 ## - PHYSICAL DESCRIPTION
Accompanying material ბიბლიოგრ. გვ.372-384
520 ## - SUMMARY, ETC.
Summary, etc. ბიბლიოგრაფია ეგნატე ნინოშვილის შესახებ
653 ## - INDEX TERM--UNCONTROLLED
Uncontrolled term თხზულებანი
942 ## - ADDED ENTRY ELEMENTS (KOHA)
Koha item type წიგნი
ეგზემპლარები
Withdrawn status Lost status Damaged status Not for loan Date acquired Barcode Date last seen Price effective from Koha item type Public note
        2018-12-17 33108 2018-12-17 2018-12-17 წიგნი  
        2018-12-17 33109 2018-12-17 2018-12-17 წიგნი  
        2018-12-17 33110 2018-12-17 2018-12-17 წიგნი  
        2018-12-17 33111 2018-12-17 2018-12-17 წიგნი  
        2018-12-17 33113 2018-12-17 2018-12-17 წიგნი  
        2018-12-17 33114 2018-12-17 2018-12-17 წიგნი  
        2018-12-17 33116 2018-12-17 2018-12-17 წიგნი  
        2018-12-17 33117 2018-12-17 2018-12-17 წიგნი  
        2018-12-17 41376 2018-12-17 2018-12-17 წიგნი აგრარული ტექ.ფაკ.
        2018-12-17 41378 2018-12-17 2018-12-17 წიგნი აგრარული ტექ.ფაკ.
        2018-12-17 41377 2018-12-17 2018-12-17 წიგნი აგრარული ტექ.ფაკ.